[Event "Pere Noel"]
[Site "Montreal CAN"]
[Date "2012.12.26"]
[Round "1.11"]
[White "Shi, Ling Yun"]
[Black "Zhu, Hong Rui"]
[Result "0-1"]
[WhiteElo "1718"]
[BlackElo "2079"]
[PlyCount "88"]
[GameId "2160767909411030"]
[EventDate "2012.12.26"]
[EventType "swiss"]
[EventRounds "5"]
[EventCountry "CAN"]
[SourceTitle "EXT 2022"]
[Source "ChessBase"]
[SourceDate "2021.10.06"]
[SourceVersion "1"]
[SourceVersionDate "2021.10.06"]
[SourceQuality "1"]

1. e4 c5 2. Nf3 d6 3. Bb5+ Bd7 4. Bxd7+ Qxd7 5. O-O Nc6 6. Re1 g6 7. c3 d5 8. d3 Rd8 9. Qe2 Bg7 10. Na3 e6 11. Bf4 a6 12. Rad1 Nge7 13. Qd2 b5 14. Nc2 O-O 15. Qc1 Qc8 16. Bh6 dxe4 17. dxe4 Rxd1 18. Rxd1 Rd8 19. Bxg7 Kxg7 20. Rxd8 Qxd8 21. Qf1 Qa5 22. a3 Qa4 23. Qe2 Nc8 24. Nce1 Nd6 25. Nd2 Ne5 26. f3 Qa5 27. Nd3 Nxd3 28. Qxd3 Qb6 29. Qe3 Qc6 30. Kf2 Qc7 31. g3 Nb7 32. e5 c4 33. f4 Nc5 34. Kg2 Qc6+ 35. Qf3 Qd7 36. Qe3 Qd5+ 37. Nf3 Nd3 38. Qe2 h6 39. Kh3 Nxb2 40. Qxb2 Qxf3 41. Qb4 Qf1+ 42. Kh4 Qg2 43. h3 Qf3 44. g4 Qf2# 0-1

[Event "Pere Noel"]
[Site "Montreal CAN"]
[Date "2012.12.26"]
[Round "1.14"]
[White "Gagnon, Serge"]
[Black "Moore, Ronald"]
[Result "1-0"]
[WhiteElo "1980"]
[BlackElo "1678"]
[PlyCount "73"]
[GameId "2160767909411033"]
[EventDate "2012.12.26"]
[EventType "swiss"]
[EventRounds "5"]
[EventCountry "CAN"]
[SourceTitle "EXT 2022"]
[Source "ChessBase"]
[SourceDate "2021.10.06"]
[SourceVersion "1"]
[SourceVersionDate "2021.10.06"]
[SourceQuality "1"]

1. d4 f5 2. c4 Nf6 3. Nc3 e6 4. Nf3 d5 5. e3 c6 6. Bd3 Bd6 7. Qc2 Ne4 8. g3 O-O 9. Kf1 Qe8 10. Kg2 Nd7 11. Ne2 h6 12. Bd2 g5 13. Be1 Ndf6 14. h3 Bd7 15. Ne5 Nh7 16. f3 Nef6 17. g4 dxc4 18. Nxc4 Bc7 19. Ne5 Nd5 20. Bd2 Bxe5 21. dxe5 h5 22. Nd4 Qg6 23. e4 Nf4+ 24. Bxf4 gxf4 25. exf5 exf5 26. e6 Bxe6 27. Nxe6 Rf7 28. Nxf4 Qh6 29. Nxh5 Ng5 30. Bc4 Ne6 31. Rae1 Rd8 32. Re2 Rd6 33. Rd1 fxg4 34. hxg4 Rxd1 35. Qxd1 Re7 36. Qd8+ Kf7 37. Re5 1-0

[Event "Pere Noel"]
[Site "Montreal CAN"]
[Date "2012.12.27"]
[Round "2.1"]
[White "Sambuev, Bator"]
[Black "Zhu, Hong Rui"]
[Result "1-0"]
[WhiteElo "2579"]
[BlackElo "2079"]
[PlyCount "39"]
[GameId "2160767909411034"]
[EventDate "2012.12.26"]
[EventType "swiss"]
[EventRounds "5"]
[EventCountry "CAN"]
[SourceTitle "EXT 2022"]
[Source "ChessBase"]
[SourceDate "2021.10.06"]
[SourceVersion "1"]
[SourceVersionDate "2021.10.06"]
[SourceQuality "1"]

1. d4 d5 2. Nf3 Nf6 3. e3 e6 4. Bd3 c5 5. b3 Nc6 6. O-O Be7 7. Bb2 Bd7 8. a3 a6 9. c4 O-O 10. Nc3 cxd4 11. exd4 Bd6 12. Re1 h6 13. b4 dxc4 14. Bxc4 b5 15. Bb3 Rc8 16. d5 exd5 17. Nxd5 Ne8 18. Qd3 Be6 19. Bc2 g6 20. Rxe6 1-0

[Event "Pere Noel"]
[Site "Montreal CAN"]
[Date "2012.12.27"]
[Round "2.2"]
[White "Poulin, Mathieu"]
[Black "Leveille, Francois"]
[Result "0-1"]
[WhiteElo "2015"]
[BlackElo "2329"]
[PlyCount "118"]
[GameId "2160767909411035"]
[EventDate "2012.12.26"]
[EventType "swiss"]
[EventRounds "5"]
[EventCountry "CAN"]
[SourceTitle "EXT 2022"]
[Source "ChessBase"]
[SourceDate "2021.10.06"]
[SourceVersion "1"]
[SourceVersionDate "2021.10.06"]
[SourceQuality "1"]

1. d4 Nf6 2. c4 g6 3. Nc3 d5 4. cxd5 Nxd5 5. e3 Bg7 6. Bc4 Nxc3 7. bxc3 c5 8. Nf3 Qa5 9. Qb3 O-O 10. O-O Nc6 11. Ng5 e6 12. Ne4 Qc7 13. Be2 b6 14. Bf3 Bb7 15. Ba3 Rfd8 16. dxc5 Ne5 17. cxb6 axb6 18. Bb4 Bd5 19. Qc2 Nc6 20. a3 Nxb4 21. axb4 Rxa1 22. Rxa1 Bxe4 23. Bxe4 Qxc3 24. Rb1 f5 25. Qxc3 Bxc3 26. Bf3 e5 27. Rb3 Rc8 28. Bd5+ Kf8 29. f3 Ke7 30. Kf2 Kd6 31. e4 Bd4+ 32. Kg3 Rc2 33. Bg8 Bf2+ 34. Kh3 Rc8 35. Rd3+ Bd4 36. Bd5 g5 37. b5 Rc5 38. Bc6 f4 39. Rd2 h5 40. g4 h4 41. Kg2 Rc1 42. Bd5 Kc5 43. Bc6 Kc4 44. Ra2 Kb3 45. Bd5+ Kb4 46. Bc6 Rc3 47. Rb2+ Ka3 48. Rd2 Kb4 49. Rb2+ Kc5 50. Rd2 h3+ 51. Kxh3 Rxf3+ 52. Kg2 Rc3 53. Kf1 f3 54. Rd1 Rc2 55. Ke1 Re2+ 56. Kf1 Rxh2 57. Ke1 Be3 58. Rd5+ Kc4 59. Kd1 Kc3 0-1

[Event "Pere Noel"]
[Site "Montreal CAN"]
[Date "2012.12.27"]
[Round "2.3"]
[White "Voskanyan, Vahagn"]
[Black "Dumouchel, Alain"]
[Result "1-0"]
[WhiteElo "2214"]
[BlackElo "2034"]
[PlyCount "75"]
[GameId "2160767909411036"]
[EventDate "2012.12.26"]
[EventType "swiss"]
[EventRounds "5"]
[EventCountry "CAN"]
[SourceTitle "EXT 2022"]
[Source "ChessBase"]
[SourceDate "2021.10.06"]
[SourceVersion "1"]
[SourceVersionDate "2021.10.06"]
[SourceQuality "1"]

1. c4 e5 2. Nc3 Nf6 3. g3 c6 4. Bg2 d5 5. cxd5 cxd5 6. Qb3 e4 7. d3 exd3 8. exd3 Bc5 9. Nxd5 O-O 10. Be3 Na6 11. Ne2 Be6 12. Nef4 Bb4+ 13. Kf1 Ng4 14. Nxe6 fxe6 15. Nf4 Nxe3+ 16. fxe3 Nc5 17. Qxb4 Qxd3+ 18. Kf2 Qc2+ 19. Kg1 g5 20. Qc3 Qxc3 21. bxc3 gxf4 22. gxf4 Rad8 23. Kf2 Rd2+ 24. Kg3 Kf7 25. Bf3 Rg8+ 26. Kh3 Nd3 27. Rhg1 Nf2+ 28. Kh4 Rxg1 29. Rxg1 Rxa2 30. Bxb7 Nd3 31. Kg3 Ra3 32. Be4 Nc5 33. Bxh7 Rxc3 34. Kf3 a5 35. h4 a4 36. h5 a3 37. h6 a2 38. Rg7+ 1-0

[Event "Pere Noel"]
[Site "Montreal CAN"]
[Date "2012.12.27"]
[Round "2.4"]
[White "Masse, Hugues"]
[Black "Gagnon, Serge"]
[Result "1-0"]
[WhiteElo "2201"]
[BlackElo "1980"]
[PlyCount "97"]
[GameId "2160767909411037"]
[EventDate "2012.12.26"]
[EventType "swiss"]
[EventRounds "5"]
[EventCountry "CAN"]
[SourceTitle "EXT 2022"]
[Source "ChessBase"]
[SourceDate "2021.10.06"]
[SourceVersion "1"]
[SourceVersionDate "2021.10.06"]
[SourceQuality "1"]

1. d4 d6 2. Nf3 Nd7 3. c4 e5 4. Nc3 Ngf6 5. g3 c6 6. e4 Be7 7. a4 O-O 8. Bg2 Re8 9. O-O Bf8 10. a5 exd4 11. Nxd4 Nc5 12. Qc2 Na6 13. Bf4 Ng4 14. Rfd1 g5 15. Bc1 Ne5 16. b3 g4 17. Ba3 Qf6 18. Kh1 h5 19. Nf5 Rd8 20. Ne2 Bxf5 21. exf5 h4 22. Nf4 h3 23. Be4 Nc5 24. Bb2 Qh8 25. b4 Nxe4 26. Qxe4 Bg7 27. Bxe5 Bxe5 28. Rab1 Qh6 29. Nd3 Qg7 30. a6 b6 31. Nxe5 dxe5 32. Qxc6 Rac8 33. Rxd8+ Rxd8 34. c5 bxc5 35. bxc5 Qg5 36. Qe4 f6 37. c6 Qg7 38. Qc4+ Kh7 39. Kg1 Kh6 40. Qc1+ Kh5 41. Rb7 Qg8 42. Rxa7 Rd4 43. Re7 Rc4 44. Qd1 Rxc6 45. a7 Qa8 46. Rh7+ Kg5 47. Rg7+ Kh6 48. Rg6+ Kh7 49. Qd7+ 1-0

[Event "Pere Noel"]
[Site "Montreal CAN"]
[Date "2012.12.27"]
[Round "2.5"]
[White "Yu, Zong Yang"]
[Black "Ma, Indy"]
[Result "1/2-1/2"]
[WhiteElo "2107"]
[BlackElo "1700"]
[PlyCount "105"]
[GameId "2160767909411038"]
[EventDate "2012.12.26"]
[EventType "swiss"]
[EventRounds "5"]
[EventCountry "CAN"]
[SourceTitle "EXT 2022"]
[Source "ChessBase"]
[SourceDate "2021.10.06"]
[SourceVersion "1"]
[SourceVersionDate "2021.10.06"]
[SourceQuality "1"]

1. d4 Nf6 2. Nf3 e6 3. c3 d5 4. Bf4 Bd6 5. Bg3 O-O 6. Nbd2 Nbd7 7. e3 Re8 8. Ne5 Qe7 9. Bd3 c5 10. f4 cxd4 11. exd4 Nf8 12. Qc2 Nh5 13. O-O-O f6 14. Bb5 Rd8 15. Nd3 a6 16. Ba4 b5 17. Bb3 Bb7 18. Rde1 Rac8 19. Re3 a5 20. Qd1 Nxg3 21. hxg3 b4 22. Nb1 Ba6 23. Kd2 Bc4 24. Ke1 a4 25. Bxc4 Rxc4 26. Nd2 bxc3 27. Nxc4 dxc4 28. bxc3 cxd3 29. Qxd3 Qb7 30. Kf2 Rc8 31. Re2 Qd5 32. Rc1 e5 33. Qf5 Re8 34. Rce1 Ng6 35. Qh5 Qf7 36. Kg1 Re7 37. fxe5 fxe5 38. Qf3 Qxf3 39. gxf3 exd4 40. cxd4 Rxe2 41. Rxe2 Bxg3 42. Re8+ Kf7 43. Ra8 h5 44. Rxa4 h4 45. Rb4 Nf4 46. a4 h3 47. Kh1 Nd3 48. Rb1 Nf2+ 49. Kg1 h2+ 50. Kg2 h1=Q+ 51. Rxh1 Nxh1 52. Kxh1 Bc7 53. Kg2 1/2-1/2

[Event "Pere Noel"]
[Site "Montreal CAN"]
[Date "2012.12.27"]
[Round "2.6"]
[White "Castaneda Jimenez, Jhon David"]
[Black "Mathews, Theo"]
[Result "1-0"]
[WhiteElo "2100"]
[BlackElo "1564"]
[PlyCount "63"]
[GameId "2160767909411039"]
[EventDate "2012.12.26"]
[EventType "swiss"]
[EventRounds "5"]
[EventCountry "CAN"]
[SourceTitle "EXT 2022"]
[Source "ChessBase"]
[SourceDate "2021.10.06"]
[SourceVersion "1"]
[SourceVersionDate "2021.10.06"]
[SourceQuality "1"]

1. d4 d5 2. Nf3 f5 3. c4 e6 4. Nc3 Nf6 5. Bf4 c6 6. e3 Bb4 7. Qb3 Qa5 8. a3 Bxc3+ 9. bxc3 Ne4 10. Qb4 Qxb4 11. cxb4 O-O 12. h4 Nd7 13. Ng5 Re8 14. f3 Nef6 15. Be5 Nxe5 16. dxe5 Nd7 17. f4 dxc4 18. Bxc4 Nb6 19. Bb3 h6 20. Nf3 Nd5 21. Bxd5 cxd5 22. Rc1 Bd7 23. Nd4 Rac8 24. Kd2 Kf7 25. h5 a6 26. g4 fxg4 27. Rcg1 Rc4 28. Rxg4 Rg8 29. Rg6 Rcc8 30. f5 Rce8 31. fxe6+ Bxe6 32. Rf1+ 1-0

[Event "Pere Noel"]
[Site "Montreal CAN"]
[Date "2012.12.27"]
[Round "2.7"]
[White "Lacroix, Serge"]
[Black "Larochelle, Martial"]
[Result "0-1"]
[WhiteElo "1858"]
[BlackElo "2212"]
[PlyCount "94"]
[GameId "2160767909411040"]
[EventDate "2012.12.26"]
[EventType "swiss"]
[EventRounds "5"]
[EventCountry "CAN"]
[SourceTitle "EXT 2022"]
[Source "ChessBase"]
[SourceDate "2021.10.06"]
[SourceVersion "1"]
[SourceVersionDate "2021.10.06"]
[SourceQuality "1"]

1. e4 e5 2. Nf3 Nc6 3. Bb5 a6 4. Ba4 Nf6 5. O-O Be7 6. Re1 b5 7. Bb3 d6 8. c3 O-O 9. d4 Bg4 10. d5 Na5 11. Bc2 c6 12. dxc6 Qc7 13. Nbd2 Qxc6 14. h3 Be6 15. Nf1 h6 16. Ng3 Rfd8 17. a4 Nc4 18. axb5 axb5 19. Rxa8 Rxa8 20. Nd2 Ra1 21. Nxc4 bxc4 22. Qe2 Bf8 23. Be3 Rxe1+ 24. Qxe1 d5 25. Bd2 d4 26. cxd4 exd4 27. e5 Nd7 28. f4 d3 29. Bd1 Bd5 30. Bg4 Bc5+ 31. Be3 Bxg2 32. e6 fxe6 33. Bxc5 Nxc5 34. f5 Bf3 35. Bxf3 Qxf3 36. fxe6 d2 37. Qxd2 Qxg3+ 38. Kh1 Qxh3+ 39. Kg1 Qxe6 40. Qd8+ Kh7 41. Qc7 Nd3 42. Qb7 Qe3+ 43. Kg2 Nf4+ 44. Kf1 Nd3 45. Qf7 Qe1+ 46. Kg2 Qe4+ 47. Kg1 Nxb2 0-1

[Event "Pere Noel"]
[Site "Montreal CAN"]
[Date "2012.12.27"]
[Round "2.8"]
[White "Gueorguiev, Valentin"]
[Black "Luksza, Arkadiusz"]
[Result "0-1"]
[WhiteElo "1946"]
[BlackElo "2152"]
[PlyCount "78"]
[GameId "2160767909411041"]
[EventDate "2012.12.26"]
[EventType "swiss"]
[EventRounds "5"]
[EventCountry "CAN"]
[SourceTitle "EXT 2022"]
[Source "ChessBase"]
[SourceDate "2021.10.06"]
[SourceVersion "1"]
[SourceVersionDate "2021.10.06"]
[SourceQuality "1"]

1. d4 d5 2. g3 Nf6 3. Bg2 g6 4. Nf3 Bg7 5. O-O O-O 6. c4 c6 7. b3 Bf5 8. Bb2 Qc8 9. Nc3 Bh3 10. Rc1 Bxg2 11. Kxg2 Qd8 12. Qd3 Na6 13. a3 Re8 14. e4 dxe4 15. Nxe4 e5 16. Nxf6+ Bxf6 17. Qd1 e4 18. Ne1 c5 19. Nc2 Qe7 20. Ne3 Nc7 21. Rc2 Rad8 22. d5 Bxb2 23. Rxb2 Ne6 24. Rd2 Nd4 25. Rxd4 cxd4 26. Qxd4 h5 27. c5 Qe5 28. Qxe5 Rxe5 29. Rd1 g5 30. b4 f5 31. d6 Kf7 32. Nc4 Re6 33. Rd5 f4 34. b5 e3 35. fxe3 fxe3 36. Kf1 Re4 37. Na5 Ke6 38. Rd3 e2+ 39. Ke1 Rf8 0-1

[Event "Pere Noel"]
[Site "Montreal CAN"]
[Date "2012.12.27"]
[Round "2.9"]
[White "Prahov, Valentin"]
[Black "Lopez Linares, Lizandro"]
[Result "1/2-1/2"]
[WhiteElo "2135"]
[BlackElo "2092"]
[PlyCount "84"]
[GameId "2160767909411042"]
[EventDate "2012.12.26"]
[EventType "swiss"]
[EventRounds "5"]
[EventCountry "CAN"]
[SourceTitle "EXT 2022"]
[Source "ChessBase"]
[SourceDate "2021.10.06"]
[SourceVersion "1"]
[SourceVersionDate "2021.10.06"]
[SourceQuality "1"]

1. e4 c6 2. d4 d5 3. exd5 cxd5 4. Bd3 Qc7 5. Nc3 Nf6 6. Nb5 Qd8 7. Bf4 Na6 8. h3 g6 9. Nf3 Bg7 10. O-O O-O 11. Re1 Bd7 12. c3 Bxb5 13. Bxb5 Nc7 14. Bd3 Ne6 15. Be5 Qd7 16. Qd2 b5 17. Re2 Qb7 18. Rae1 Rfc8 19. Nh2 Rc6 20. f4 a5 21. a3 Rac8 22. f5 Nf8 23. Ng4 N8d7 24. Bxf6 exf6 25. Re7 g5 26. Rxd7 Qxd7 27. Bxb5 h5 28. Ne3 Bf8 29. Qd1 Rb8 30. Qa4 Rbb6 31. Bxc6 Rxc6 32. Qxa5 Rd6 33. a4 Qe7 34. Nc2 Qd7 35. g4 hxg4 36. hxg4 Qb7 37. b4 Qb8 38. Qb5 Rb6 39. Qxd5 Qg3+ 40. Qg2 Qxc3 41. b5 Rb8 42. Re3 Qc4 1/2-1/2

[Event "Pere Noel"]
[Site "Montreal CAN"]
[Date "2012.12.27"]
[Round "2.10"]
[White "Nardone, Raul"]
[Black "Robichaud, Louis"]
[Result "1-0"]
[WhiteElo "1759"]
[BlackElo "2102"]
[PlyCount "69"]
[GameId "2160767909411043"]
[EventDate "2012.12.26"]
[EventType "swiss"]
[EventRounds "5"]
[EventCountry "CAN"]
[SourceTitle "EXT 2022"]
[Source "ChessBase"]
[SourceDate "2021.10.06"]
[SourceVersion "1"]
[SourceVersionDate "2021.10.06"]
[SourceQuality "1"]

1. d4 Nf6 2. Nf3 g6 3. Bg5 Bg7 4. c3 h6 5. Bh4 d6 6. Nbd2 O-O 7. Qc2 Nbd7 8. e3 b6 9. Bd3 Bb7 10. O-O e5 11. Rad1 Qe7 12. e4 g5 13. Bg3 Nh5 14. Rfe1 Nxg3 15. hxg3 Nf6 16. Nc4 Ng4 17. dxe5 Bxe5 18. Nh2 Nxh2 19. Kxh2 h5 20. Rh1 Kg7 21. Ne3 Kg6 22. Kg1 Rh8 23. f4 gxf4 24. gxf4 Bxf4 25. Nf5 Qe5 26. Rf1 Bg5 27. Nh4+ Kg7 28. Rf5 Qg3 29. Nf3 Be3+ 30. Kf1 h4 31. Rh3 Qg6 32. Qe2 Bc1 33. Qe1 Bh6 34. Nxh4 Qe6 35. Rg3+ 1-0

[Event "Pere Noel"]
[Site "Montreal CAN"]
[Date "2012.12.27"]
[Round "2.11"]
[White "Perna-Fraser, David"]
[Black "Zhang, Zhiyuan"]
[Result "0-1"]
[WhiteElo "1818"]
[BlackElo "2013"]
[PlyCount "100"]
[GameId "2160767909411044"]
[EventDate "2012.12.26"]
[EventType "swiss"]
[EventRounds "5"]
[EventCountry "CAN"]
[SourceTitle "EXT 2022"]
[Source "ChessBase"]
[SourceDate "2021.10.06"]
[SourceVersion "1"]
[SourceVersionDate "2021.10.06"]
[SourceQuality "1"]

1. e4 c6 2. d4 d5 3. e5 Bf5 4. g4 Bd7 5. h4 e6 6. Bd3 c5 7. c3 Nc6 8. Be3 Rc8 9. Ne2 cxd4 10. Bxd4 Be7 11. g5 g6 12. Nd2 h5 13. Qb1 Nxd4 14. Nxd4 Bc5 15. N2b3 Ne7 16. Nxc5 Rxc5 17. O-O Qb6 18. Rc1 a5 19. Rc2 O-O 20. Qe1 Rfc8 21. Qe3 Qd8 22. a4 Qe8 23. Nb5 Bxb5 24. Bxb5 Rxb5 25. axb5 Qxb5 26. Qe2 Qc5 27. Rac1 Qc4 28. Qxc4 Rxc4 29. f3 Rxh4 30. c4 dxc4 31. Rxc4 Rxc4 32. Rxc4 Nd5 33. Kf2 b6 34. b3 Kf8 35. Ke2 Ke7 36. Kf2 Kd7 37. Ke2 Nb4 38. Rf4 Ke7 39. Rc4 Kd7 40. Rf4 Ke7 41. Rc4 Nd5 42. Kf2 Kd7 43. Ke2 Ne7 44. b4 axb4 45. Rxb4 Kc7 46. Rf4 Nf5 47. Rc4+ Kb7 48. Kd3 h4 49. Kc3 h3 50. Kb4 h2 0-1

[Event "Pere Noel"]
[Site "Montreal CAN"]
[Date "2012.12.27"]
[Round "2.13"]
[White "Shi, Ling Yun"]
[Black "Sprumont, Oscar"]
[Result "1/2-1/2"]
[WhiteElo "1718"]
[BlackElo "1954"]
[PlyCount "71"]
[GameId "2160767909411046"]
[EventDate "2012.12.26"]
[EventType "swiss"]
[EventRounds "5"]
[EventCountry "CAN"]
[SourceTitle "EXT 2022"]
[Source "ChessBase"]
[SourceDate "2021.10.06"]
[SourceVersion "1"]
[SourceVersionDate "2021.10.06"]
[SourceQuality "1"]

1. e4 e5 2. Nf3 Nc6 3. Bb5 a6 4. Ba4 Nf6 5. O-O Nxe4 6. Re1 Nc5 7. Bxc6 dxc6 8. Nxe5 Be7 9. d4 Nd7 10. Nxd7 Bxd7 11. Bg5 Be6 12. Bxe7 Qxe7 13. c3 O-O-O 14. b4 Qg5 15. Re3 h5 16. Nd2 Qh6 17. Nb3 g5 18. Nc5 Bc4 19. Nd3 g4 20. a4 Qd6 21. Ne5 Qd5 22. Nxc4 Qxc4 23. Qe2 Qxe2 24. Rxe2 Rde8 25. Rae1 Rxe2 26. Rxe2 Kd7 27. Kf1 b5 28. a5 Kd6 29. Ke1 Kd5 30. Kd2 Rh6 31. Re7 Rf6 32. Re5+ Kc4 33. Rc5+ Kb3 34. Ke3 Re6+ 35. Kd2 Rf6 36. Ke3 1/2-1/2

[Event "Pere Noel"]
[Site "Montreal CAN"]
[Date "2012.12.28"]
[Round "3.1"]
[White "Voskanyan, Vahagn"]
[Black "Sambuev, Bator"]
[Result "1/2-1/2"]
[WhiteElo "2214"]
[BlackElo "2579"]
[PlyCount "122"]
[GameId "2160767909411049"]
[EventDate "2012.12.26"]
[EventType "swiss"]
[EventRounds "5"]
[EventCountry "CAN"]
[SourceTitle "EXT 2022"]
[Source "ChessBase"]
[SourceDate "2021.10.06"]
[SourceVersion "1"]
[SourceVersionDate "2021.10.06"]
[SourceQuality "1"]

1. d4 Nf6 2. c4 e6 3. Nf3 b6 4. g3 Ba6 5. Qc2 c5 6. Bg2 Bb7 7. O-O cxd4 8. Nxd4 Bxg2 9. Kxg2 Qc8 10. Nd2 Qb7+ 11. Kg1 a6 12. b3 Be7 13. Bb2 O-O 14. Qd3 d6 15. Qf3 Ra7 16. Rfd1 Rc8 17. a4 Nbd7 18. Ba3 g6 19. h3 e5 20. Nc2 Qxf3 21. exf3 b5 22. axb5 axb5 23. Ne3 Rca8 24. Bb2 bxc4 25. Rxa7 Rxa7 26. Ndxc4 Rb7 27. Ba3 Rxb3 28. Bxd6 Bxd6 29. Rxd6 Kg7 30. Kg2 Rb5 31. h4 h5 32. Rc6 Rb3 33. Rd6 Rb4 34. Rc6 Ra4 35. Rd6 Ra2 36. Rd2 Ra7 37. Nd5 Nxd5 38. Rxd5 Kf6 39. Rd6+ Ke7 40. Rd5 f6 41. Rb5 Ra6 42. Ne3 Ke6 43. Nc4 Rc6 44. Rb4 Ra6 45. Rb5 f5 46. Nb2 Ra2 47. Nd3 Rc2 48. Ra5 Rc3 49. Ra6+ Kd5 50. Ra5+ Kd4 51. Nb4 Rc7 52. Ra6 Kc5 53. Nd3+ Kc4 54. Rd6 Kc3 55. f4 e4 56. Ne5 Nc5 57. Rxg6 Ra7 58. Rc6 Kd4 59. Rd6+ Kc3 60. Rc6 Kb4 61. Rb6+ Kc3 1/2-1/2

[Event "Pere Noel"]
[Site "Montreal CAN"]
[Date "2012.12.28"]
[Round "3.2"]
[White "Leveille, Francois"]
[Black "Masse, Hugues"]
[Result "1-0"]
[WhiteElo "2329"]
[BlackElo "2201"]
[PlyCount "61"]
[GameId "2160767909411050"]
[EventDate "2012.12.26"]
[EventType "swiss"]
[EventRounds "5"]
[EventCountry "CAN"]
[SourceTitle "EXT 2022"]
[Source "ChessBase"]
[SourceDate "2021.10.06"]
[SourceVersion "1"]
[SourceVersionDate "2021.10.06"]
[SourceQuality "1"]

1. Nf3 Nf6 2. c4 g6 3. Nc3 d5 4. d4 Bg7 5. cxd5 Nxd5 6. Bd2 Nxc3 7. Bxc3 c5 8. Rc1 cxd4 9. Nxd4 O-O 10. e3 Bd7 11. Be2 Nc6 12. Bf3 Rc8 13. O-O Nxd4 14. exd4 Qb6 15. Re1 e6 16. d5 exd5 17. Bxd5 Bxc3 18. bxc3 Bc6 19. Bb3 Rcd8 20. Qg4 Qc5 21. Qf4 Qd6 22. Qg5 Rfe8 23. h4 h5 24. Red1 Qf8 25. Qxg6+ Kh8 26. Qxh5+ Kg7 27. Qg5+ Kh8 28. Rxd8 Rxd8 29. Qf6+ Kh7 30. Re1 Rd7 31. Re5 1-0

[Event "Pere Noel"]
[Site "Montreal CAN"]
[Date "2012.12.28"]
[Round "3.3"]
[White "Larochelle, Martial"]
[Black "Castaneda Jimenez, Jhon David"]
[Result "0-1"]
[WhiteElo "2212"]
[BlackElo "2126"]
[PlyCount "74"]
[GameId "2160767909411051"]
[EventDate "2012.12.26"]
[EventType "swiss"]
[EventRounds "5"]
[EventCountry "CAN"]
[SourceTitle "EXT 2022"]
[Source "ChessBase"]
[SourceDate "2021.10.06"]
[SourceVersion "1"]
[SourceVersionDate "2021.10.06"]
[SourceQuality "1"]

1. d4 Nf6 2. c4 e6 3. Nc3 Bb4 4. e3 b6 5. Nge2 Bb7 6. a3 Bxc3+ 7. Nxc3 d5 8. cxd5 exd5 9. Bd3 O-O 10. O-O Ba6 11. Bxa6 Nxa6 12. Qd3 Nb8 13. b3 Re8 14. Bb2 Nc6 15. Rac1 Ne7 16. a4 Qd7 17. Ba3 Nf5 18. Nb5 c6 19. Nc3 Rac8 20. Ne2 h5 21. Nf4 h4 22. Rfe1 g5 23. Nh3 g4 24. Nf4 h3 25. g3 Ne4 26. Qe2 Nh6 27. f3 Ng5 28. fxg4 Qxg4 29. Qxg4 Nxg4 30. Re2 Nf3+ 31. Kh1 Rxe3 32. Rf1 Rxe2 33. Nxe2 Re8 34. Ng1 Nxg1 35. Kxg1 Re2 36. Rf4 Rg2+ 37. Kf1 Ne3+ 0-1

[Event "Pere Noel"]
[Site "Montreal CAN"]
[Date "2012.12.28"]
[Round "3.4"]
[White "Ma, Indy"]
[Black "Luksza, Arkadiusz"]
[Result "0-1"]
[WhiteElo "1700"]
[BlackElo "2152"]
[PlyCount "76"]
[GameId "2160767909411052"]
[EventDate "2012.12.26"]
[EventType "swiss"]
[EventRounds "5"]
[EventCountry "CAN"]
[SourceTitle "EXT 2022"]
[Source "ChessBase"]
[SourceDate "2021.10.06"]
[SourceVersion "1"]
[SourceVersionDate "2021.10.06"]
[SourceQuality "1"]

1. d4 d5 2. c4 c6 3. Nf3 Nf6 4. Nc3 dxc4 5. e4 b5 6. Qc2 Bb7 7. d5 cxd5 8. exd5 a6 9. a4 b4 10. Nd1 Nxd5 11. Bxc4 e6 12. O-O Nd7 13. Re1 Be7 14. b3 Bf6 15. Bb2 O-O 16. Rc1 Rc8 17. Qd3 Bxb2 18. Nxb2 Nc5 19. Qd2 Nc3 20. Qxd8 Rfxd8 21. Ne5 Bd5 22. Bxd5 Rxd5 23. Nbc4 Re8 24. Rc2 Nd3 25. Nxd3 Rxd3 26. Na5 Rc8 27. h3 Rc5 28. Nc4 Rcd5 29. Re5 Rd1+ 30. Kh2 Kf8 31. f4 Rb1 32. Nd2 Rd1 33. Nc4 Rf1 34. Ne3 Rxe5 35. Nxf1 Re1 36. Rf2 Rb1 37. Nd2 Rb2 38. Kg3 Rxd2 0-1

[Event "Pere Noel"]
[Site "Montreal CAN"]
[Date "2012.12.28"]
[Round "3.5"]
[White "Nardone, Raul"]
[Black "Yu, Zong Yang"]
[Result "0-1"]
[WhiteElo "1759"]
[BlackElo "2107"]
[PlyCount "106"]
[GameId "2160767909411053"]
[EventDate "2012.12.26"]
[EventType "swiss"]
[EventRounds "5"]
[EventCountry "CAN"]
[SourceTitle "EXT 2022"]
[Source "ChessBase"]
[SourceDate "2021.10.06"]
[SourceVersion "1"]
[SourceVersionDate "2021.10.06"]
[SourceQuality "1"]

1. d4 Nf6 2. Nf3 d6 3. Bg5 Nbd7 4. Nbd2 g6 5. e3 Bg7 6. Bd3 O-O 7. O-O e5 8. c3 Qe7 9. Qc2 Re8 10. e4 h6 11. Bxf6 Nxf6 12. dxe5 dxe5 13. Nc4 Nh5 14. Ne3 Nf4 15. Bc4 c6 16. a4 Qf6 17. Be2 Be6 18. Rad1 Rad8 19. Rxd8 Rxd8 20. Rd1 Nxe2+ 21. Qxe2 Bb3 22. Rxd8+ Qxd8 23. Ng4 Qd6 24. h3 Bxa4 25. Ne3 Bb5 26. c4 Ba6 27. Qc2 Bf8 28. Qc3 f6 29. h4 h5 30. Kh1 b6 31. b3 Bc8 32. Kg1 a5 33. Kh1 Be7 34. Kg1 Kg7 35. Kh1 Bg4 36. Nh2 Be2 37. Nf3 Qd3 38. Qd2 Bb4 39. Qb2 Bxf3 40. gxf3 Bc5 41. Kg2 Bxe3 42. fxe3 Qxe3 43. Qa3 Qd2+ 44. Kh3 Kf7 45. Qa4 Qd6 46. Qa1 Qd3 47. Kg3 Qxb3 48. Qc1 Kg7 49. Qd2 Qxc4 50. Qd7+ Qf7 51. Qxc6 Qa7 52. f4 b5 53. Kf3 exf4 0-1

[Event "Pere Noel"]
[Site "Montreal CAN"]
[Date "2012.12.28"]
[Round "3.6"]
[White "Gagnon, Serge"]
[Black "Prahov, Valentin"]
[Result "1/2-1/2"]
[WhiteElo "1980"]
[BlackElo "2135"]
[PlyCount "83"]
[GameId "2160767909411054"]
[EventDate "2012.12.26"]
[EventType "swiss"]
[EventRounds "5"]
[EventCountry "CAN"]
[SourceTitle "EXT 2022"]
[Source "ChessBase"]
[SourceDate "2021.10.06"]
[SourceVersion "1"]
[SourceVersionDate "2021.10.06"]
[SourceQuality "1"]

1. d4 Nf6 2. c4 g6 3. Nc3 d5 4. Bf4 Bg7 5. e3 c5 6. dxc5 Be6 7. Qb3 O-O 8. Qxb7 Ne4 9. Nxe4 dxe4 10. Bc7 Qc8 11. Qxa8 Qxc7 12. Qxe4 Bxb2 13. Rd1 Qa5+ 14. Ke2 Qxc5 15. f3 Bxc4+ 16. Kf2 Be6 17. Ne2 Nd7 18. Rd2 Bg7 19. Nf4 Nf6 20. Qc2 Qb6 21. Nxe6 fxe6 22. h3 Bh6 23. Re2 Rd8 24. g3 Nd5 25. f4 e5 26. Qb3 exf4 27. gxf4 Qf6 28. h4 Kg7 29. Kg3 e5 30. Qb7+ Kh8 31. Kf2 exf4 32. Qb2 fxe3+ 33. Kg1 Qxb2 34. Rxb2 Nc3 35. h5 Rd1 36. hxg6 e2 37. Rxe2 Nxe2+ 38. Kf2 Kg7 39. gxh7 Kxh7 40. Kxe2 Rd2+ 41. Kf3 Rxa2 42. Rg1 1/2-1/2